| 000 | 00953cab a2200205 4500 | ||
|---|---|---|---|
| 001 | ABS38301 | ||
| 008 | 090401t xxu||||| |||| 00| 0 eng d | ||
| 035 | _a(Sirsi) u9863 | ||
| 041 | _aeng | ||
| 100 | _aPowell-Smith, V. | ||
| 245 | _aTortious or contractual liability ? - the changing scene | ||
| 350 | _a0 | ||
| 490 |
_aSurveyor _v(Institute of Surveyors Malaysia) 22(3) 3rd Quarte |
||
| 520 | _aWith reference to case law throughout, including the major decisions in Anns v Merton London Borough Council , HL 12 May 1977, see Abstract 22142 and Junior Books Ltd v Veitchi and Co , HL 15 July 1982, see Abstract 30178 the author discusses the law with regard to a defendant`s liability in the tort of negligence . Covers liability for economic loss , liability of contractors and sub-contractors and duty of care owed by a professional. | ||
| 650 | _aBUILDING DEFECTS | ||
| 650 | _aDAMAGES | ||
| 690 | _aLAW | ||
| 942 | _n0 | ||
| 948 | _c04/03/1997 | ||
| 999 |
_c6206 _d6206 |
||